| 000 | 00492nam a2200169 i 4500 | ||
|---|---|---|---|
| 001 | 91797 | ||
| 003 | ES-MaACL | ||
| 005 | 20230906180822.0 | ||
| 007 | t| | ||
| 008 | 050215s2002 sp ||||1| spa d | ||
| 080 | _a821.134.2-31"19" | ||
| 100 | 1 |
_aSanjurjo Puertas, José. _9103174 |
|
| 245 | 1 | 3 |
_aEl caballero de Castilla y el enviado especial / _cJosé Sanjurjo Puertas. |
| 260 |
_a[S.l.] : _bJ. Sanjurjo, _c[2002] |
||
| 300 |
_a266 p. ; _c20 cm. |
||
| 852 |
_aES-MaACL _jL-28860 _bR.135239 |
||
| 999 |
_c91797 _d91797 |
||